Riconosci il Pokémon - Quiz n°242 - Statistics

Statistiche generali
  • Questo quiz è stato fatto 0 volte
  • Il punteggio medio è 0 su 10
Statistiche sulle risposte
Indizio Risposta % Corretto
Peso 200,5 kg
0%
Altezza 2,5 m
0%
Tasso di cattura 45 (11.9%)
0%
Sesso 50% ♂, 50% ♀
0%
Tipo Coleottero / Veleno
0%
Tasso di allevamento Medio-Lento
0%
Generazione Quinta
0%
Pokémon Scolipede
0%
Stadio evoluzione Seconda evoluzione
0%
Abilità Velenopunte; Aiutinsetto; Piedisvelti; Acceleratore
0%
Nessun quiz corrispondente trovato
Distribuzione punteggi
Percentuale di utenti per punteggio
Percentile per numero di risposta
I tuoi punteggi nel tempo
Non hai fatto questo quiz